Digital Sub-editing & Design (Record no. 4415)

MARC details
000 -LEADER
fixed length control field 00404nam a22001697a 4500
005 - DATE AND TIME OF LATEST TRANSACTION
control field 20160628124456.0
008 - FIXED-LENGTH DATA ELEMENTS--GENERAL INFORMATION
fixed length control field 160628b xxu||||| |||| 00| 0 eng d
020 ## - INTERNATIONAL STANDARD BOOK NUMBER
ISBN 0-240-51639-7
041 ## - LANGUAGE CODE
Language code of text/sound track or separate title eng
082 ## - DEWEY DECIMAL CLASSIFICATION NUMBER
Item number 10775
100 ## - MAIN ENTRY--AUTHOR NAME
Personal name Quinn, Stephen
245 ## - TITLE STATEMENT
Title Digital Sub-editing & Design
260 ## - PUBLICATION, DISTRIBUTION, ETC. (IMPRINT)
Name of publisher Fascal Press
Year of publication 2002
300 ## - PHYSICAL DESCRIPTION
Number of Pages 175
650 ## - SUBJECT ADDED ENTRY--TOPICAL TERM
Topical Term Mass Communication
942 ## - ADDED ENTRY ELEMENTS (KOHA)
Koha item type Books
Holdings
Lost status Damaged status Home library Current library Shelving location Date acquired Cost, normal purchase price Full call number Accession Number Koha item type
    JRU Library   SHELF-32-H 28/06/2016 695.00 10775 10775 Books